000 00329 a2200133 4500
999 _c6434
_d6434
020 _a9781779034939
050 _aG 2445 ATL 2011
245 _aPrimary school atlas for Zimbabwe/
264 _aHarare:
_bLongman
_c2000
300 _a80p.:
_bill.(col.)
500 _aText
650 _aSocial studies
942 _2lcc
_cBK
_h2445
_iATL
_kG